Statistiken für Liedtext - Gott muss eine Seemann sein - Santiano

Klicken Sie hier um das Quiz zu spielen!

Allgemein

  • Dieses Quiz wurde 110 mal gespielt
  • Das Durchschnittsergebnis liegt bei 179 aus 253

Antwortstatistiken

Textquiz% Korrekt
ein
99%
Gott
98%
muss
98%
Seemann
97%
sein
97%
die
87%
Er
86%
geht
82%
Keiner
82%
alle
77%
verloren
77%
nie
76%
in
73%
In
73%
Lass
73%
lässt
73%
der
72%
Der
72%
allein
71%
uns
69%
wir
67%
Mannschaft
66%
und
62%
Und
62%
du
61%
Du
61%
niemals
57%
so
57%
holt
54%
den
53%
sind
52%
Teufel
52%
ist
51%
Welt
51%
wie
51%
Denn
49%
eine
48%
bist
46%
zu
45%
Tag
44%
Dich
43%
frei
43%
Wellen
43%
Himmel
42%
um
42%
Hier
41%
mit
41%
wenn
41%
unsere
40%
Fahrt
39%
diese
38%
Sorgen
38%
Angst
37%
hinaus
37%
los
37%
nach
37%
Wo
37%
groß
35%
Schau
35%
Unendlichkeit
35%
dem
33%
Ferne
33%
Haus
33%
Jede
33%
Macht
33%
neuer
33%
Fluten
32%
Hand
31%
Westwind
31%
Halt
30%
Himmelweit
30%
kühlen
30%
spürst
30%
Strahlen
30%
ersten
29%
Geradeaus
28%
braust
27%
ziehn
27%
greifen
25%

Verteilung der Resultate

Perzentil nach korrekt beantworteten Fragen

Anzahl Personen mit jedem Resultat

Ihre Resultats-Entwicklung

Sie haben dieses Quiz noch nicht gespielt